000 00475nam a2200145Ia 4500
008 220216s9999 xx 000 0 und d
100 _aThankamma L.
245 0 _aMode of entry of Phytophthora in Hevea brasiliensis
260 _bProceedings of the International Rubber Conference, 1975, Kuala Lumpur, Malaysia, V 3, pp. 213-216.
_c1976
650 _aPhytophthora
650 _aZoospore germination
700 _aPillay P.N.R.
700 _aRajalakshmy V.K.
942 _cBS
999 _c50363
_d50363